1226 1952 1137 1640 1527 1013 1359 1338 1746 1410 1045 1169 1537 1630 1238 1715 1106 1501 1706 1175 1441 1438 1952 1269 1391 1147 1898 1167 1371 1132 1467 1074 1513 1818 1716 1452 1182 1957 1667 1831 1906 1495 1294 1237 1460 1275 1215 1501 1925 1948 1311 1797 1290 1626 1980 1015 1434 1687 1173 1393 1293 1561 1017 1237 1379 1581 1585 1183 1131 1833 1266 1995 1359 1428 1606 1166 1490 1407 1788 1448 1830 1858 1408 1290 1851 1649 1972 1818 1325 1863 1067 1831 1756 1064 1883 1710 1543 1126 1608 BCNSPRNW ULIB Ver.6.0+V

เปลี่ยนเป็นภาษาไทย

Change to English
 แสดงรายละเอียดบรรณานุกรม
  กลับหน้าหลัก

Brief Record : Get Marc (ISO 2709) : E-mail record : QR code < ปิดหน้าต่าง
LEADER : 00000nam 2200000uu 4500
001    13399126450
003     ULIB
008    180918s2559||||th 000 0 tha d
020    ^a9789740334699
050  4 ^aLB 1139.23^bศ295ก
100 0  ^aศศิลักษณ์ ขยันกิจ
245 10 ^aการประเมินอย่างใคร่ครวญต่อเด็กปฐมวัย :^bแนวคิดและการปฏิบัติเพื่อสนับสนุนการเรียนรู้ /^cศศิลักษณ์ ขยันกิจ, บุษบง ตันติวงศ์
260    ^aกรุงเทพฯ :^bสำนักพิมพ์แห่งจุฬาลงกรณ์มหาวิทยาลัย,^c2559
300    ^a206 หน้า :^bภาพประกอบ
650  4 ^aการศึกษาปฐมวัย^xการประเมิน
650  4 ^aครูปฐมวัย
650  4 ^aเด็กปฐมวัย
700 0  ^aบุษบง ตันติวงศ์
999    ^aกัณชพร จุลอักษร
รายการนี้ยังไม่มีแท็ก
คุณยังไม่ได้ล็อกอิน คุณสามารถมีกิจกรรมร่วมกับเว็บไซต์ได้ แต่ต้องล็อกอินก่อน ::
  ล็อกอิน

รายการสื่อสารสนเทศ

ลำดับที่ ประเภท เลขเรียก/บาร์โค้ด สถานที่ สถานะ
- ไม่พบข้อมูล -

รายการใกล้เคียง
    ผู้แต่ง [ศศิลักษณ์ ขยันกิจ]

    หัวเรื่อง [ครูปฐมวัย]
    หัวเรื่อง [เด็กปฐมวัย]

BibComment


ยังไม่เคยถูกคอมเมนท์

คอมเมนท์ทรัพยากรรายการนี้
  คอมเมนท์: การประเมินอย่างใ..


 Copyright 2026. Bcnsprnw @Library